NLSUI OPAC header image

Commercial leases and insolvency (Record no. 20843)

MARC details
000 -LEADER
fixed length control field 00789nam a2200229Ia 4500
003 - CONTROL NUMBER IDENTIFIER
control field OSt
005 - DATE AND TIME OF LATEST TRANSACTION
control field 20211104151214.0
008 - FIXED-LENGTH DATA ELEMENTS--GENERAL INFORMATION
fixed length control field 160316s2002 xxu||||| |||| 00| 0 eng d
020 ## - INTERNATIONAL STANDARD BOOK NUMBER
International Standard Book Number 9780406913470
040 ## - CATALOGING SOURCE
Transcribing agency n
082 ## - DEWEY DECIMAL CLASSIFICATION NUMBER
Classification number 346.078000
Item number MCL
100 ## - MAIN ENTRY--PERSONAL NAME
Personal name McLoughlin Patrick
245 ## - TITLE STATEMENT
Title Commercial leases and insolvency
250 ## - EDITION STATEMENT
Edition statement 3rd
260 ## - PUBLICATION, DISTRIBUTION, ETC.
Place of publication, distribution, etc. London
Name of publisher, distributor, etc. Butterworths
Date of publication, distribution, etc. 2002
300 ## - PHYSICAL DESCRIPTION
Extent 270
Dimensions xix
365 ## - TRADE PRICE
Price amount Rs.3,220
505 ## - FORMATTED CONTENTS NOTE
Formatted contents note Table of contents<br/>this text provides excellent value for money and should be purchased by any commercial property practitioner or surveyor" Student Law Journal, September 2005
650 ## - SUBJECT ADDED ENTRY--TOPICAL TERM
Topical term or geographic name entry element 1. Bankruptcy - Law2. Insolvency Law3. Leasing Regulation4. Commercial Leasing - Law & Legislation - U K
700 ## - ADDED ENTRY--PERSONAL NAME
Personal name
--
942 ## - ADDED ENTRY ELEMENTS (KOHA)
Source of classification or shelving scheme Dewey Decimal Classification
Koha item type BOOKs
Holdings
Withdrawn status Lost status Damaged status Not for loan Home library Current library Shelving location Date acquired Cost, normal purchase price Total Checkouts Full call number Barcode Date last seen Date last checked out Price effective from Koha item type
        . . Library Compactors 30.05.2017 3220.00 2 346.078 MCL 18939 28.11.2024 22.11.2024 30.05.2017 BOOKs